| 000 | 00930cam a22002893a 4500 | ||
|---|---|---|---|
| 001 | 6604 | ||
| 003 | PGUSA | ||
| 005 | 20140828083134.0 | ||
| 008 | 041001s2004||||xxu|||||s|||||000 | eng d | ||
| 040 |
_aPGUSA _beng |
||
| 042 | _adc | ||
| 050 | 4 | _aE011 | |
| 100 | 1 |
_aGowanlock, Theresa, _d1863-1899 |
|
| 245 | 1 | 0 |
_aTwo Months in the Camp of Big Bear _h[electronic resource] / _cTheresa Gowanlock |
| 260 |
_bProject Gutenberg, _c2004 |
||
| 506 | _aPublic domain in the USA. | ||
| 516 | _aElectronic text | ||
| 653 | _aCree Indians -- Alberta -- History -- 19th century | ||
| 653 | _aBig Bear, (Cree chief) | ||
| 653 | _aRiel Rebellion, 1885 | ||
| 653 | _aDelaney, Theresa, 1849-1913 -- Captivity | ||
| 653 | _aGowanlock, Theresa, 1863-1899 -- Captivity | ||
| 653 | _aFrog Lake (Alta.) -- History -- 19th century | ||
| 830 | 0 |
_aProject Gutenberg _v6604 |
|
| 856 | 4 | 0 | _uhttp://www.gutenberg.org/ebooks/6604 |
| 942 | _cEB | ||
| 999 |
_c235924 _d235924 |
||